| 000 | 00861nam a2200265 4500 | ||
|---|---|---|---|
| 003 | OSt | ||
| 005 | 20260601193405.0 | ||
| 008 | 260418b1973 ag |||| |||| 00| 0 spa d | ||
| 040 |
_aICI _bspa _cICI |
||
| 041 |
_a spa _heng |
||
| 050 |
_aNA9050 _bA5318 1973 |
||
| 100 | 1 |
_aAlexander, Christopher _935375 |
|
| 240 | 1 |
_aNotes on the synthesis of form. _lEspañol |
|
| 245 | 1 |
_aEnsayo sobre síntesis de la forma _cChristopher Alexander ; versión castellana, Enrique L. Revol |
|
| 250 | _aTercera edición | ||
| 264 |
_bEdiciones Infinito _c1973 _aBuenos Aires : |
||
| 300 | _a222 páginas | ||
| 336 |
_atexto _2rdacontent |
||
| 337 |
_asin medio _2rdamedia |
||
| 338 |
_avolumen _2rdacarrier |
||
| 650 | _2 Forma (Estética) | ||
| 700 |
_aAlexander, Christopher _935375 |
||
| 700 |
_aRevol, Enrique L. _etraductor _q (Enrique Luis), _935376 |
||
| 942 |
_2ddc _cB |
||
| 999 |
_c21086 _d21086 |
||